Historias escocesas

Gorde:
Xehetasun bibliografikoak
Egile nagusia: Stevenson, Robert Louis (Egilea)
Formatua: Liburua
Hizkuntza:gaztelania
Argitaratua: Madrid Valdemar 2015
Edizioa:2a. ed
Saila:Serie Roja, 254
Gaiak:
Etiketak: Etiketa erantsi
Etiketarik gabe, Izan zaitez lehena erregistro honi etiketa jartzen!

MARC

LEADER 00000cam a2200000 a 4500
001 UCC3640
003 CL-VaPUC
008 180531e20150000sp |||||||||||||||||spa|d
020 |a 9788477028055 
082 0 4 |a 823  |b STE  |2 21 
100 0 |a Stevenson, Robert Louis  |e author  |9 348874 
245 1 0 |a Historias escocesas 
250 |a 2a. ed 
300 |a 253 p 
942 |c BK 
945 |d 20180531 16:15:00  |a dcastane 
260 |a Madrid  |b Valdemar  |c 2015 
650 7 |a NOVELAS ESCOCESAS  |2 CL-VaPUC  |9 348025 
650 7 |a LITERATURA ESCOCESA  |2 CL-VaPUC  |9 413003 
583 |a last modification  |c 20180531 16:15:00  |k Rodrigo Vera 
490 0 |a Serie Roja, 254 
999 |c 371332  |d 371330